Ο ολοκληρωτικός λογισμός και αι εφαρμογαί του
Αποθηκεύτηκε σε:
| Κύριος συγγραφέας: | |
|---|---|
| Μορφή: | Βιβλίο |
| Γλώσσα: | Greek |
| Δημοσίευση: |
Αθήναι :
[χ.ό.],
1973.
|
| Θέματα: | |
| Ετικέτες: |
Προσθήκη ετικέτας
Δεν υπάρχουν, Καταχωρήστε ετικέτα πρώτοι!
|
MARC
| LEADER | 00000cam a2200000 a 4500 | ||
|---|---|---|---|
| 001 | 1/120161 | ||
| 008 | 181019s1973####gr | ||| |||| ||gre|| | ||
| 040 | |a GR-MyUa |b gre |c GR-MyUa |e AACR2 | ||
| 041 | 0 | |a gre | |
| 082 | 7 | |a 515.43 |2 (23) | |
| 100 | 1 | |a Λιβέρης, Διονύσης Ι. | |
| 245 | 1 | 2 | |a Ο ολοκληρωτικός λογισμός και αι εφαρμογαί του / |c Δ. Ι. Λιβέρη. |
| 260 | |a Αθήναι : |b [χ.ό.], |c 1973. | ||
| 300 | |a 145, [3] σ. : |b σχέδια ; |c 24 εκ. | ||
| 500 | |a Στο recto υπάρχει ιδιόχειρη αφιέρωση "Στον διακεκριμένο και τόσο παραγωγικό μαθηματικό κ. Π. Μάγειρα με την βαθειά μου εκτίμηση και αγάπη. 21/6/73. Υπογραφή του συγγραφέα. | ||
| 505 | 8 | |a Τεύχος 1ον: Το αόριστον και ωρισμένον απλούν ολοκλήρωμα. | |
| 650 | 0 | |a Integrals. | |
| 740 | 0 | |a Το αόριστον και ωρισμένον απλούν ολοκλήρωμα | |
| 920 | |a Μάγειρας |b Παναγιώτης |y Σάμος |z 2008-09 | ||
| 970 | |a Γουβάλα |b Βάσω |z 19-10-2019 | ||